Aerobic mineralization of 2,6-dichlorophenol by ralstonia sp. strain RK1 /
Αποθηκεύτηκε σε:
| Άλλοι συγγραφείς: | , , , |
|---|---|
| Μορφή: | Άρθρο |
| Γλώσσα: | English |
| Θέματα: | |
| Ετικέτες: |
Προσθήκη ετικέτας
Δεν υπάρχουν, Καταχωρήστε ετικέτα πρώτοι!
|
| Thư viện lưu trữ: | Thư viện Trường Đại học Đà Lạt |
|---|
| LEADER | 00980nam a2200337 4500 | ||
|---|---|---|---|
| 001 | DLU090091577 | ||
| 005 | ##20091201 | ||
| 040 | # | # | |a DLU |b eng |
| 041 | # | # | |a eng |
| 044 | # | # | |a us |
| 245 | # | # | |a Aerobic mineralization of 2,6-dichlorophenol by ralstonia sp. strain RK1 / |c Patrick Steinle ... [et al.]. |
| 653 | # | # | |a Fixed bed reactor |
| 653 | # | # | |a Isolation |
| 653 | # | # | |a Mineralization |
| 653 | # | # | |a Phenols |
| 653 | # | # | |a Ralstonia |
| 653 | # | # | |a Taxonomy |
| 700 | # | # | |a Hanselmann, Kurt W. |
| 700 | # | # | |a Steinle, Patrick. |
| 700 | # | # | |a Stettler, Rolf. |
| 700 | # | # | |a Stucki, Gerhard. |
| 773 | # | # | |t Applied and Environmental Microbiology |g Vol. 64, no. 7 (July 1998), p. 2566-2571 |
| 920 | # | # | |a Phòng Tạp chí -- Trung tâm Thông tin - Thư viện Trường Đại học Đà Lạt |
| 994 | # | # | |a DLU |
| 900 | # | # | |a True |
| 911 | # | # | |a Trương Bảo Trâm Anh |
| 925 | # | # | |a G |
| 926 | # | # | |a A |
| 927 | # | # | |a BB |
| 980 | # | # | |a Thư viện Trường Đại học Đà Lạt |